Los fichajes más caros del fútbol - Defensas centrales - 2020-2021 - Estadísticas

Estadísticas generales
  • Esta prueba ha sido intentada 34 veces
  • La puntuación promedio es 7 de 12
Estadísticas de respuestas
Coste (M €) Nacionalidad Último club Nuevo club Jugador % Correcto
71,60 Portugal Benfica Manchester City Rúben Dias
100%
45,30 Países Bajos Bournemouth Manchester City Nathan Aké
93%
15,00 Argentina Manchester City Benfica Nicolás Otamendi
76%
35,00 Francia Saint-Étienne Leicester City Wesley Fofana
72%
15,00 Inglaterra Manchester United AS Roma Chris Smalling
69%
20,00 España Real Sociedad Leeds Diego Llorente
62%
26,00 Brasil LOSC Lille Arsenal Gabriel Magalhães
62%
13,00 Argentina River Plate Fiorentina Lucas Martínez Quarta
48%
24,00 Italia Atalanta AS Roma Gianluca Mancini
31%
13,00 Alemania SC Friburgo Leeds Robin Koch
24%
13,00 Francia Stade Reims Mónaco Axel Disasi
21%
27,50 Inglaterra Norwich Everton Ben Godfrey
14%
No se encontraron pruebas coincidentes
Distribución de puntuación
Porcentaje de gente con cada puntuación
Porcentaje por número respondido
Historial de tus puntuaciones
No has intentado esta prueba.